Cricket: Leading New Zealand Test Bowlers A-Z - Statistics

General Stats
  • This quiz has been taken 215 times
    139 since last reset
  • The average score is 13 of 21
Answer Stats
letter wickets player % Correct
S 302 Tim Southee
96%
B 281 Trent Boult
95%
V 361 Daniel Vettori
93%
H 431 Richard Hadlee
93%
C 218 Chris Cairns
88%
W 219 Neil Wagner
84%
M 233 Chris Martin
74%
A 51 Nathan Astle
64%
P 75 Dipak Patel
61%
D 98 Simon Doull
61%
T 111 Bruce Taylor
53%
F 82 James Franklin
52%
N 93 Dion Nash
51%
O 73 Iain O'Brien
43%
R 85 John Reid
43%
Y 34 Brian Yuile
40%
J 36 Kyle Jamieson
39%
E 4 Grant Elliott
35%
K 6 Robert Kennedy
32%
L 24 Gavin Larsen
31%
G 22 Mark Gillespie
30%
No matching quizzes found
Score Distribution
Percent of People with Each Score
Percentile by Number Answered
Your Score History
You have not taken this quiz since the last reset